000 00932nam0a22002651 4500
001 rc\4297217
005 20260407025613.0
021 _aRU
_b66-48449
021 _aRU
_bРг5265-66
035 _a(NLR Aleph) 008255455
090 _a8362947
_c8362947
100 _a20130416d1966 |||y0rusy50 ca
101 0 _arus
102 _aRU
105 _aa z |||||
200 1 _aАльбом объектов сельского строительства на1966 год
_fМ-во строительства РСФСР. Главсельстрой
210 _aМосква
_cТрест "Оргсельстрой"
_d1966
215 _a233 с.
_cчерт.
_d19х26
300 _aОтпеч. множит. аппаратом
712 0 2 _a"Оргсельстрой", трест
_cМосква
_9520535
_3RU\NLR\AUTH\8810011414
801 0 _aRU
_bNLR
_gpsbo
801 1 _aRU
_bELAR
_2rusmarc
852 _aNLR
_j66-7/1490
942 _cBOOK
980 _aNB